000 00688nam a2200253Ia 4500
003 GCL
008 140319s9999 xx 000 0 ara d
040 _aGCL /
_cGCL
082 0 4 _a574.5
_bم ب
100 1 _aنايف سعادة
245 1 0 _aبيئتنا ما هى? /
_cنايف سعادة
700 1 _aمعين حمزة
300 _a68 ص
490 _aالبيئة العربية
_v0
650 0 4 _aالبيئة
650 0 4 _aتلوث البيئة
650 0 4 _aحماية البيئة
650 0 4 _aالانسان
650 0 4 _aالبيئة والانسان
650 0 4 _aالارض
650 0 4 _aالانساب
650 0 4 _aالبيئة - علم
942 _2ddc
_cBK
999 _c38214
_d38214